000 00403nam a2200145Ia 4500
008 230917s9999||||xx |||||||||||||| ||und||
040 _e64388
_aMAIN
041 _aEnglish
082 _a320.50954 G748S
100 _aGoyal, O P
245 0 _aStudies in modern Indian political thought: The moderates and the extremists
260 _aAllahabad
_bKitab Mahal
_c1964
300 _avi, 113 p.
942 _cBK
999 _c47900
_d47900